| 000 | 00465 a2200157 4500 | ||
|---|---|---|---|
| 001 | 31772 | ||
| 082 | _a629.13238 HIL | ||
| 090 |
_c21468 _d21468 |
||
| 100 | _aHill, Philip G ; Peterson, Carl R. | ||
| 245 |
_aMechanics and Thermodynamics of Propulsion, 2nd Ed _cPhilip G Hill ; Peterson, Carl R. |
||
| 250 | _a2 | ||
| 260 |
_aN.Y _bAddison wesley _c1992 |
||
| 300 |
_axvi, 765p _bphotocopy |
||
| 500 | _aBE textbook Aerospace | ||
| 600 | _aPeterson, Carl R. | ||
| 942 |
_aNUST-CAE _k629.13238 HIL |
||
| 999 |
_c266845 _d266845 |
||